LIBRARY & INFORMATION CENTRE, KCAET, TAVANUR

ONLINE PUBLIC ACCESS CATALOGUE (OPAC)

Code of practice for laying of asbestos sheets: part II semi corrugated sheets IS:3007 (part II)-1965 (Record no. 9984)

MARC details
000 -LEADER
fixed length control field 00917cam a2200145ua 4500
041 ## - LANGUAGE CODE
Language code of text/sound track or separate title eng
082 ## - DEWEY DECIMAL CLASSIFICATION NUMBER
Classification number 6941.328
Item number IND/CO
245 ## - TITLE STATEMENT
Title Code of practice for laying of asbestos sheets: part II semi corrugated sheets IS:3007 (part II)-1965
260 ## - PUBLICATION, DISTRIBUTION, ETC. (IMPRINT)
Place of publication New Delhi :
Name of publisher Indian Standards Institution ,
Year of publication 1979.
300 ## - PHYSICAL DESCRIPTION
Number of Pages 26 ; .
942 ## - ADDED ENTRY ELEMENTS (KOHA)
Koha item type Books
Holdings
Withdrawn status Lost status Damaged status Home library Current library Date acquired Full call number Accession Number Koha item type
      KAUAET KAUAET 07/04/2012 6941.328 17075 Standards
free website counter